افاق اللسانيات : (Record no. 59854)
[ view plain ]
| 000 -الفاتح | |
|---|---|
| حقل البيانات ثابتة الطول | 01528nam a22003257a 4500 |
| 005 - وقت وتاريخ اخر تعامل مع التسجيلة | |
| رقم الضبط | 20240530110339.0 |
| 008 - عناصر البيانات ثابتة الطول - معلومات عامة | |
| حقل البيانات ثابتة الطول | 141030s2011 le gr 001 0dara d |
| 020 ## - الرقم الدولى المعيارى للكتب | |
| الرقم الدولى المعيارى للكتاب | 9789953823904 |
| 040 ## - مصدر الفهرسة | |
| وكالة الفهرسة الأصلية | EG-CaGPL |
| 082 04 - رقم تصنيف ديوى العشرى | |
| رقم الطبعة | 21 |
| رقم التصنيف | 410\ |
| رقم المادة | م آ |
| 100 0# - المدخل الرئيسى - إسم شخصى | |
| الإسم الشخصى | ابراهيم ابو هشهش |
| 245 10 - بيان العنوان | |
| العنوان | افاق اللسانيات : |
| بقية العنوان | دراسات - مراجعات - شهادات تكريما للاستاذ الدكتور نهاد الموسى / |
| بيان المسئوليه,etc | ابراهيم ابو هشهش ... [ واخ. ] ؛ اشراف وتحرير هيثم سرحان |
| 260 ## - PUBLICATION, DISTRIBUTION, ETC. (IMPRINT) | |
| تاريخ النشر أو التوزيع | 2011 |
| 300 ## - الوصف المادى | |
| التعداد | 560 ص ؛ |
| أبعاد الوعاء | 24 سم |
| 650 04 - المدخل الاضافى بالموضوع-مصطلح موضوعى | |
| مصطلح موضوعي | اللغة العربية |
| التقسيم الفرعي العام | الاشتقاق |
| 650 04 - المدخل الاضافى بالموضوع-مصطلح موضوعى | |
| مصطلح موضوعي | اللغة العربية |
| التقسيم الفرعي العام | المترادفات والاضواء |
| 650 04 - المدخل الاضافى بالموضوع-مصطلح موضوعى | |
| مصطلح موضوعي | اللغة العربية |
| التقسيم الفرعي العام | قواعد الاملاء والهجاء |
| 650 04 - المدخل الاضافى بالموضوع-مصطلح موضوعى | |
| مصطلح موضوعي | اللغة العربية |
| التقسيم الفرعي العام | تاريخ |
| 650 04 - المدخل الاضافى بالموضوع-مصطلح موضوعى | |
| مصطلح موضوعي | اللغة العربية |
| التقسيم الفرعي العام | العروض والقوافى |
| 650 04 - المدخل الاضافى بالموضوع-مصطلح موضوعى | |
| مصطلح موضوعي | اللغة |
| التقسيم الفرعي العام | علم |
| 650 04 - المدخل الاضافى بالموضوع-مصطلح موضوعى | |
| مصطلح موضوعي | الاصوات اللغوية |
| 650 04 - المدخل الاضافى بالموضوع-مصطلح موضوعى | |
| مصطلح موضوعي | اللغة العربية |
| التقسيم الفرعي العام | النحو |
| 650 04 - المدخل الاضافى بالموضوع-مصطلح موضوعى | |
| مصطلح موضوعي | الغة العربة |
| التقسيم الفرعي الشكلي | المعاجم |
| 700 ## - المدخل الاضافى - اسم شخصى | |
| الإسم الشخصى | حيدر سعيد |
| الدور | مؤلف مشارك |
| 700 ## - المدخل الاضافى - اسم شخصى | |
| الإسم الشخصى | عودة ابوعودة |
| الدور | مؤلف مشارك |
| 700 ## - المدخل الاضافى - اسم شخصى | |
| الإسم الشخصى | محمد شاهين |
| الدور | مؤلف مشارك |
| 700 ## - المدخل الاضافى - اسم شخصى | |
| الإسم الشخصى | هيثم سرحان |
| الدور | مشرف ومحرر |
| 942 ## - عناصر المدخل الإضافي( كوها) | |
| مصدر التصنيف او مخطط الترفيف | Dewey Decimal Classification |
| Koha [default] item type | كتاب |
| 260 ## - PUBLICATION, DISTRIBUTION, ETC. (IMPRINT) | |
| -- | بيروت : |
| -- | مركز دراسات الوحدة العربية ، |
| حالة التراجع | حالة الفقد | حالة تلف | ليس للاعارة | المكان المؤقت | الموقع الحالى | تاريخ الاكتساب | اجمالي اﻻعارات | رقم الطلب | الباركود | تاريخ اخر مشاهدة | تاريخ تفعيل السعر | نوع وعاء كوها |
|---|---|---|---|---|---|---|---|---|---|---|---|---|
| مكتبة القاهرة الكبرى | مكتبة القاهرة الكبرى | 10/30/2014 | 410\ م آ | 158810 | 10/30/2014 | 10/30/2014 | كتاب |

